Statistics for Ancient Planets in Ancient Languages

Click here to take the quiz!

General Stats

  • This quiz has been taken 76 times
  • The average score is 10 of 41

Answer Stats

EnglishLatin% Correct
MoonLuna
94%
SunSol
81%
MarsMars
74%
VenusVenus
70%
Zeus
65%
Helios
63%
Aphrodité
61%
Ares
61%
Hermes
59%
SaturnSaturnus
52%
MercuryMercurius
48%
Selené
48%
JupiterIuppiter
35%
Kronos
33%
Ishtar
13%
Budha
9%
Chandra
9%
Enki
9%
Marduk
9%
Surya
9%
Enlil
7%
Inanna
7%
Mangala
7%
Nabû
7%
Nanna
7%
Nergal
7%
Shamash
7%
Sin
7%
Aah / Iah
6%
Aten
6%
Ba'ah / Seba-djai
6%
Brhaspati
6%
Gugulanna
6%
Heru-deshet
6%
Her-wepes-tawy
6%
Ninurta
6%
Ninurta
6%
Sagbu
6%
Sani
6%
Sukra
6%
Utu
6%

Score Distribution

Percentile by Number Answered

Percent of People with Each Score

Your Score History

You have not taken this quiz